LEADER 01489nam2-2200397---450 001 990008877760403321 005 20191125135617.0 035 $a000887776 035 $aFED01000887776 035 $a(Aleph)000887776FED01 035 $a000887776 100 $a20090715d2007----km-y0itay50------ba 101 0 $aeng$aita 102 $aIT 105 $aaf------001yy 200 1 $aIntensity scale ESI 2007$d= La scala di intensità ESI 2007$fauthors A.M. Michetti ... [et al.]$geditors L. Guerrieri, E. Vittori 210 $aRoma$cSystemCart$d2007 215 $a41 p.$cill.$d30 cm$e1 c. di tav. 300 $aIn testa al front.: APAT, Dipartimento difesa del suolo, Servizio geologico d'Italia 461 0$1001000183668$12001$aMemorie descrittive della carta geologica d'Italia$v74 510 1 $a<>scala di intensità ESI 2007 610 0 $aGeologia 676 $a551$v20$zita 702 1$aMichetti,$bAlessandro Maria 702 1$aGuerrieri,$bLuca 702 1$aVittori,$bEutizio 801 0$aIT$bUNINA$gRICA$2UNIMARC 856 4 $zTesto disponibile sul sito dell'ISPRA$uhttp://www.isprambiente.gov.it/it/pubblicazioni/periodici-tecnici/memorie-descrittive-della-carta-geologica-ditalia/la-scala-di-intensita-esi-2007$e20150916 901 $aBK 912 $a990008877760403321 952 $a60 PER. IT. 253 (074)$b12028$fFAGBC 952 $aINU C 422$b1720$fFARBC 959 $aFARBC 959 $aFAGBC 996 $aIntensity scale ESI 2007$959465 997 $aUNINA LEADER 00888nam a2200241 i 4500 001 991001060519707536 008 110214s2009 it 0 ita d 020 $a9788804591597 035 $ab13954374-39ule_inst 040 $aSet. Economia - SAGA$bita 082 04$a153.852 100 1 $aPiattelli Palmarini, Massimo$0234243 245 12$aL'arte di persuadere :$bcome impararla come esercitarla come difendersene /$cMassimo Piattelli Palmarini 260 $aMilano :$bMondadori,$c2009 300 $a289 p. ;$c20 cm 440 0$aSaggi 650 04$aPersuasione 907 $a.b13954374$b28-01-14$c14-02-11 912 $a991001060519707536 945 $aLE025 ECO 153 PIA01.01$g1$i2025000240124$lle025$nProf. Guido$o-$pE8.80$q-$rl$s- $t0$u4$v1$w4$x0$y.i15247156$z31-03-11 996 $aArte di persuadere$9252379 997 $aUNISALENTO 998 $ale025$b14-02-11$cm$da $e-$fita$git $h2$i0